000
00329nam a22001457a 4500
008
210507b ||||| |||| 00| 0 eng d
020
_a
9789951672047
041
_a
eng
080
_a
574
082
_a
574
100
_a
10
101
_a
MJE
245
_a
Praktikum i Botanikës së Përgjithshme
_c
Millaku,F
942
_2
udc
_c
BK
999
_c
57088
_d
57088